000 00773cam a2200229 a 4500
001 12381072
005 20180227054908.0
008 010416s2002 mauab b 001 0 eng
010 _a 2001031576
020 _a0072426527 (pbk. : alk. paper)
040 _aDLC
_cDLC
_dDLC
041 _aeng
080 _a301 KOT
082 0 0 _a301 KOT
_221
100 1 _a24
101 _aANT
245 1 0 _aAnthropology :
_cConrad Phillip Kottak.
504 _aIncludes bibliographical references (p. 653-692) and indexes.
906 _a7
_bcbc
_corignew
_d1
_eocip
_f20
_gy-gencatlg
942 _2ddc
_cBK
999 _c43587
_d43587